Four Letter Geography - A - Statistics

General Stats
  • This quiz has been taken 144 times
    47 since last reset
  • The average score is 7 of 10
Answer Stats
Hint Answer % Correct
Mountains in Europe Alps
100%
Biggest Contintent Asia
100%
City with Taj Mahal Agra
93%
Water in Spanish Agua
93%
Brazilian State Acre
84%
Sea in Kazakhstan Aral
74%
Strait in the Red Sea Aden
53%
Squared Measurement Area
53%
River in Florence Arno
37%
Gaelic name for Scotland Alba
30%
No matching quizzes found
Score Distribution
Percent of People with Each Score
Percentile by Number Answered
Your Score History
You have not taken this quiz since the last reset